[Event "POL-chT 2nd League"]
[Site "Jastrzebia Gora"]
[Date "2022.09.09"]
[Round "7.131"]
[White "Zalucka, Emilia"]
[Black "Barczyk, Joanna"]
[Result "1/2-1/2"]
[WhiteElo "1541"]
[BlackElo "1829"]
[PlyCount "26"]
[EventDate "2022.09.03"]
[EventType "team-swiss"]
[EventRounds "9"]
[EventCountry "POL"]
[SourceTitle "CBM 210 Extra"]
[Source "ChessBase"]
[SourceDate "2022.11.30"]
[SourceVersion "1"]
[SourceVersionDate "2022.11.30"]
[SourceQuality "1"]
[WhiteTeam "Choszczno Skoczek"]
[BlackTeam "Krakow Cracovia"]
[WhiteTeamCountry "POL"]
[BlackTeamCountry "POL"]

1. e4 c5 2. Nf3 e6 3. d4 cxd4 4. Nxd4 a6 5. Be2 Nf6 6. Nc3 Qc7 7. 0-0 Bb4 8. Qd3 Nc6 9. Nxc6 dxc6 10. Bg5 Be7 11. Qe3 b5 12. a3 h6 13. Bxf6 Bxf6 1/2-1/2

[Event "Wroclaw Anderssen Memorial"]
[Site "Wroclaw"]
[Date "2021.07.31"]
[Round "5"]
[White "Goldschmidt, Sven"]
[Black "Zalucka, Emilia"]
[Result "1-0"]
[WhiteElo "1921"]
[BlackElo "1526"]
[PlyCount "59"]
[EventDate "2021.07.31"]
[EventType "swiss (rapid)"]
[EventRounds "9"]
[EventCountry "POL"]
[SourceTitle "CBM 203 Extra"]
[Source "ChessBase"]
[SourceDate "2021.09.30"]
[SourceVersion "1"]
[SourceVersionDate "2021.09.30"]
[SourceQuality "1"]

1. e4 e5 2. Nf3 Nc6 3. d4 exd4 4. Bc4 Nf6 5. e5 d5 6. Bb5 Ne4 7. 0-0 a6 8. Bxc6+ bxc6 9. Nxd4 Bd7 10. f3 Ng5 11. f4 Ne4 12. Nc3 Nxc3 13. bxc3 c5 14. Nb3 c6 15. f5 c4 16. Nd4 Bc5 17. Kh1 Bxd4 18. cxd4 g6 19. f6 Be6 20. Ba3 Qa5 21. Bd6 Ra7 22. Rb1 Kd7 23. Rf3 Bg4 24. a3 Re8 25. Qf1 Bxf3 26. Qxf3 Qd2 27. Qh3+ Re6 28. Qxh7 Rxd6 29. Qxf7+ Kd8 30. Rb8# 1-0

[Event "POL-chT U20"]
[Site "Szczyrk"]
[Date "2017.07.29"]
[Round "8.24"]
[White "Kroliczek, Gabriela"]
[Black "Zalucka, Emilia"]
[Result "1-0"]
[WhiteElo "1586"]
[BlackElo "1518"]
[PlyCount "59"]
[EventDate "2017.07.22"]
[EventType "team-tourn"]
[EventRounds "9"]
[EventCountry "POL"]
[SourceTitle "EXT 2019"]
[Source "ChessBase"]
[SourceDate "2018.10.10"]
[SourceVersion "1"]
[SourceVersionDate "2018.10.10"]
[SourceQuality "1"]

1. d4 d5 2. c4 e6 3. Nc3 Nf6 4. cxd5 exd5 5. Bg5 Nbd7 6. e3 Be7 7. Bd3 0-0 8. Qc2 c6 9. Nf3 h6 10. Bf4 Re8 11. h3 Bb4 12. 0-0 Ba5 13. Rab1 Nf8 14. Bh2 Ne6 15. b4 Bb6 16. Ne5 Ng5 17. f4 Nge4 18. Bxe4 Nxe4 19. Nxe4 dxe4 20. f5 Qd5 21. Qf2 Bc7 22. f6 Be6 23. fxg7 Bd8 24. Ng6 Qxa2 25. Rb2 Qd5 26. Be5 Bg5 27. h4 Bd8 28. Qf4 Kh7 29. Nf8+ Kg8 30. Qxh6 1-0

[Event "POL-chT U20"]
[Site "Szczyrk"]
[Date "2017.07.25"]
[Round "4.30"]
[White "Zalucka, Emilia"]
[Black "Malicka, Maria"]
[Result "0-1"]
[WhiteElo "1518"]
[BlackElo "2047"]
[PlyCount "134"]
[EventDate "2017.07.22"]
[EventType "team-tourn"]
[EventRounds "9"]
[EventCountry "POL"]
[SourceTitle "EXT 2019"]
[Source "ChessBase"]
[SourceDate "2018.10.10"]
[SourceVersion "1"]
[SourceVersionDate "2018.10.10"]
[SourceQuality "1"]

1. e4 e5 2. Nf3 Nc6 3. Bb5 a6 4. Ba4 Nf6 5. 0-0 Be7 6. Re1 b5 7. Bb3 d6 8. c3 0-0 9. h3 Na5 10. Bc2 c5 11. d4 Nd7 12. Nbd2 exd4 13. cxd4 Nc6 14. d5 Nce5 15. Nxe5 Nxe5 16. Nf3 Bf6 17. Rb1 Qa5 18. Nxe5 Bxe5 19. f4 Bd4+ 20. Be3 Bxe3+ 21. Rxe3 Qxa2 22. Qd3 g6 23. Qc3 Bb7 24. b3 b4 25. Ra1 bxc3 26. Rxa2 f5 27. exf5 gxf5 28. Rd3 Rae8 29. Kf2 Rf6 30. Ra1 Kf8 31. Rad1 Re4 32. g3 h5 33. Rxc3 Rb4 34. Rc4 Rb6 35. h4 Kg7 36. Ra4 Rf7 37. Rd2 Kf6 38. Bd1 Re7 39. Bc2 Kg6 40. Rd1 Bc8 41. Raa1 Rb4 42. Ra4 Rb6 43. Raa1 Bb7 44. Ra4 Ba8 45. Rd2 Bb7 46. Rd1 Rc7 47. Rc4 Rb4 48. Rd3 a5 49. Rd2 Ba6 50. Rxb4 cxb4 51. Bd3 Bb7 52. Bc4 a4 53. Re2 a3 54. Ke1 Kf7 55. Kd1 Rc5 56. Rc2 Bxd5 57. Bxd5+ Rxd5+ 58. Ke2 Rc5 59. Rd2 Ke6 60. Ke3 Rc3+ 61. Kd4 Rxb3 62. Re2+ Kd7 63. Ra2 Rb2 64. Ra1 a2 65. Kc4 b3 66. Kc3 Rb1 67. Rxb1 axb1Q 0-1

[Event "POL-ch U12 Girls"]
[Site "Suwalki"]
[Date "2015.04.11"]
[Round "5.21"]
[White "Tamon, Agata"]
[Black "Zalucka, Emilia"]
[Result "1/2-1/2"]
[WhiteElo "1050"]
[BlackElo "1121"]
[PlyCount "39"]
[EventDate "2015.04.08"]
[EventType "swiss"]
[EventRounds "9"]
[EventCountry "POL"]
[SourceTitle "EXT 2023"]
[Source "ChessBase"]
[SourceDate "2022.10.05"]
[SourceVersion "1"]
[SourceVersionDate "2022.10.05"]
[SourceQuality "1"]

1. e4 e5 2. Nf3 Nc6 3. Nc3 Nf6 4. d4 exd4 5. Nxd4 d5 6. Nxc6 bxc6 7. exd5 Nxd5 8. Nxd5 cxd5 9. Bb5+ Bd7 10. Qxd5 Qe7+ 11. Be3 Rd8 12. Bxd7+ Rxd7 13. Qa8+ Rd8 14. Qxa7 Qb4+ 15. c3 Qxb2 16. Qa4+ Rd7 17. Qa8+ Rd8 18. Qa4+ Rd7 19. Qa8+ Rd8 20. Qa4+ 1/2-1/2